000 00631nam a2200169 i 4500
001 165357
003 ES-MaACL
005 20230906213124.0
008 000103s1878 po |||| | por d
040 _aCCPB | B
_bspa
_cCCPB | B
100 1 _aSilva, Viriato da.
_9132744
245 1 0 _aProjecto de organisação do corpo diplomatico e consular brazileiro /
_cViriato da Silva.
260 _aPorto :
_b[s.n.],
_c1878 (
_fTypographia Occidental)
300 _a63 p. ;
_c21 cm.
651 4 _aBrasil-
_xServicio diplomático y consular-
_vHistoria.
_9170198
852 _aES-MaACL
_jT-349-F-10
_z-- Enc. hol.
_z-- Enc. en un vol. facticio
999 _c165357
_d165357